[Event "Olympiad-42"]
[Site "Baku"]
[Date "2016.09.02"]
[Round "1.3"]
[White "Salih, Akar Ali Salih"]
[Black "Bartel, Mateusz"]
[Result "0-1"]
[WhiteElo "2302"]
[BlackElo "2646"]
[Annotator "Bartel,M"]
[PlyCount "88"]
[EventDate "2016.09.02"]
[EventType "team-swiss"]
[EventRounds "11"]
[EventCountry "AZE"]
[SourceTitle "CBM 175"]
[Source "ChessBase"]
[SourceDate "2016.11.10"]
[SourceVersion "1"]
[SourceVersionDate "2016.11.10"]
[SourceQuality "1"]
[WhiteTeam "Iraq"]
[BlackTeam "Poland"]
[WhiteTeamCountry "IRQ"]
[BlackTeamCountry "POL"]

1. e4 e6 2. d4 d5 3. Nc3 Bb4 4. e5 c5 5. a3 Bxc3+ 6. bxc3 Qa5 {This line, as
far as I know, has always been recognised as a dubious one. However,
Grandmaster Igor Kovalenko has showed several times that if you play for a win,
you can try this one. Winning in style versus Radjabov was something which
gave me hope that this line is playable. Black's plan includes placing the
queen on a4 and later (in most cases) pushing c5-c4 which leads to complex and
closed positions. It's very difficult to evaluate such positions, since a
large number of decisions have long-term consequences.} 7. Bd2 Qa4 8. Qb1 {
The standard and most common reply, but not the most critical.} ({Apart of 8.
h4 or 8.Nf3, White plays} 8. Qg4 {which is the most aggressive and
straightforward attempt. Black has two options now:} Kf8 (8... g6 {is probably
worse since after} 9. Nf3 {taking on c2 seems to be very risky and other moves
aren't anyhow inviting.}) 9. Nf3 Ne7 {and now GM Motylev showed a very
interesting idea of} 10. h3 $5 {which is a very deep plan for, if I understand
properly, protecting the queen in some lines.} (10. Bd3 c4 11. Be2 Qxc2 12. O-O
Nbc6 13. Bd1 Qg6 14. Qh4 Bd7 {1/2 (46) Kryvoruchko,Y (2693)-Mehmeti,D (2415)
Baku 2016, gave White an initiative for the pawn, but it was not sufficient
for getting a full point.}) 10... Nd7 {was Kovalenko's choice, but after} ({
The crucial line, of course, was} 10... Qxc2 11. Rc1 Qg6 (11... Qe4+ 12. Qxe4
dxe4 13. Ng5) 12. c4 {, but it looks as if White is better prepared for the
opening of the centre.}) ({It is also possible to play} 10... Nbc6 {and here
White can try, probably} 11. dxc5 {(the queen is protected!) which may lead to
a complex endgame like this:} Qxc2 12. Rc1 Qe4+ 13. Qxe4 dxe4 14. Ng5 Nxe5 15.
Nxe4) 11. Bd3 c4 12. Be2 Qxc2 13. O-O h6 14. Rfe1 $5 Qe4 15. Qxe4 $1 dxe4 16.
Nh2 Nb6 17. a4 Bd7 18. a5 Nbd5 19. Reb1 Bc6 20. Bxc4 {1-0 (60) Motylev,A (2660)
-Kovalenko,I (2667) Poikovsky 2016. White's advantage was huge}) 8... c4 ({
Black can also go for} 8... a6 {, but it forces a slightly worse endgame after}
9. Qb3 Qxb3 10. cxb3 Nc6 11. dxc5 Nxe5 12. f4 $14) 9. h4 ({One of the most
instructive games in this line saw} 9. Nf3 Nc6 10. h4 Bd7 11. h5 h6 12. Be2
O-O-O 13. Nh4 Nge7 14. Qc1 Rdf8 15. Bf4 $6 Qa5 $1 16. Bd2 g5 17. Nf3 f6 18.
exf6 Rxf6 $15 {0-1 (38) Radjabov,T (2739)-Kovalenko,I (2694) Reykjavik 2015,
with a serions advantage on the kingside and in the centre.}) 9... Nc6 10. h5
h6 11. g3 Bd7 12. Nf3 ({The other setup may be} 12. Bh3 Nge7 13. Ne2 O-O-O 14.
Nf4 {to put pressure on e6. It's very prophylactic, but at the same time -
passive. White can't do much here, while Black may try to regroup his forces
on the kingside, including Ne7-c8-b5 at some point.}) 12... O-O-O 13. Nh4 ({
It was probably better to focus on castling first, eg.} 13. Bh3 Nge7 14. O-O
Kb8 15. Qb2 {with an equal game.}) 13... Nge7 14. f4 {This is risky - there
was no need to strengthen the centre, while the disadvantages are visible -
the white king remains in the centre. Engines, however, believe that there's
nothing wrong with this one, not yet.} f6 15. Bh3 fxe5 16. fxe5 Rdf8 17. Rf1 $6
({A very nice, computer-like, idea was} 17. Qb2 $1 {and long castling later on.
It's difficult for a human player to switch the way of playing so quickly, but
when short castling is no longer possible, it was a perfect moment to prepare
another hideaway for the monarch.}) 17... Nd8 $5 {My last two moves follows
the plan of improving the bishop's position. First, I needed to clear the
d8-square for the knight, later put a knight there to defend the e6-pawn. Now
the bishop is able to go to e8 and attack h5 or prepare g7-g6.} 18. g4 $6 {
I don't like this move, since there is not much logic in it. Blocking the
bishop, leaving the knight without defence, while g4-g5 isn't really part of
your plan must be suspicious.} (18. Qb2 {was again a nice option.} Be8 19. Rxf8
Rxf8 20. Bg4 {and it still would be very complex.}) 18... Be8 19. Qd1 $6 {
This is too slow and also does not really improve White's position.} ({It was
also difficult after, let's say} 19. Rxf8 Rxf8 20. Bg2 g5 21. Nf3 {because, I
believe, Black would be able to regroup his pieces in several ways, but make
real progress, e.g.} a5 $1 22. Be3 Kc7 23. Kd2 Nc8 $15) 19... Kb8 ({It was
possible to play} 19... g5 {but I thought there is no hurry for it and I have
time to improve my pieces.}) 20. Ra2 Nc8 21. Rxf8 Rxf8 22. g5 {This is
probably not the best move, but there was no other good plan for White at the
moment.} hxg5 23. Bxg5 Qa5 {A typical move in many Winawer positions - Black
attacks the c3-pawn once it's not defended.} 24. Bd2 Rf4 $6 {Objectively, it's
a mistake. Black was just better and there was no need to make things
complicated. On the other had, such moves have a "shock effect" and may win
the game on the spot, as the opponent may be psychologically destroyed. It
happens, unfortunately, mainly with lower rated opponents...} (24... Rh8 {
was very strong since after} 25. Bg4 (25. Qg4 Qb6 $1 26. Ra1 Qb2 27. Rc1 Rxh5)
25... Qc7 {Black is about to win some material. It's also visible that the
white rook on a2 is out of play.}) 25. Bxf4 ({It's not a bad move, but White
should have played} 25. Ng2 {and I'd rather go for} Re4+ {(a better move would
be ...Rf7 or ...Rf8)} 26. Kf1 Ne7 27. Bg4 Nf5 28. Bf3 {but here White is just
better. It was what may happen when you play such moves as 24...Rf4 without
good reason.}) 25... Qxc3+ 26. Kf2 $2 ({After} 26. Qd2 Qxh3 27. Qh2 $1 Qg4 (
27... Qc3+ 28. Qd2 Qh3 $11) 28. Qg3 Qxh5 29. c3 $1 {, where the rook from a2
would finally enter the game, the position would be terribly unclear.}) 26...
Qxh3 {Now Black is much better as White is not able to coordinate his forces.}
27. Bg3 ({Also after} 27. Ng6 Bxg6 28. hxg6 Nc6 29. Qf3 Qxf3+ 30. Kxf3 Nxd4+ {
Black would be almost winning.}) 27... Nf7 $1 {Simple and strong - the g5 and
e4-squares are just beckoning this knight.} 28. Qf1 Qg4 {Queens shouldn't be
traded yet.} 29. Nf3 Nh6 (29... Ng5 $1 30. Nxg5 Qxd4+ {was a nice tactical
subtlety, since the knight on g5 is lost.}) 30. c3 Bxh5 $6 (30... Nf5 31. Qg2 (
31. Bh2 Bxh5 $19) 31... Bxh5 {was better, as the white pieces would be placed
even worse.}) 31. Nh2 Qe4 32. Qe1 Qg6 33. Qe3 $2 (33. Kg1 Nf5 34. Rg2 {gave
White chances to survive as the rook would join the defence.}) 33... Qb1 $6 ({
Another impatient move. White would have no hope after} 33... Nf5 34. Qf4 Nb6
35. a4 a5 {with the gain of the a4-pawn in the future.}) 34. Qd2 Nf5 35. Bf4 $6
(35. Nf1 {was better as it is the knight which should be improved.}) 35... Nce7
$6 (35... Nb6 {was more logical.}) 36. Rb2 $2 ({The final mistake. After} 36.
Rc2 {which would limit the black queen, Black would be better, but not winning.
}) 36... Qe4 37. Bg5 Nh4 (37... Qh1 38. Nf1 Ng6 {was stronger.}) 38. Bxh4 (38.
Kg1 Nef5 39. Bxh4 Nxh4 40. Qf2 Nf3+ {would still be very difficult for White,
but some technique would be required.}) 38... Qxh4+ 39. Kg1 Qg3+ 40. Qg2 Qxc3
41. Rf2 Bg6 {Now it's simple as the material advantage is overwhelming.} 42.
Nf3 Qxa3 43. Nh4 Qc1+ 44. Rf1 Qe3+ 0-1

[Event "POL-ch 68th"]
[Site "Warsaw"]
[Date "2011.02.13"]
[Round "2"]
[White "Jakubowski, Krzysztof"]
[Black "Bartel, Mateusz"]
[Result "0-1"]
[WhiteElo "2506"]
[BlackElo "2617"]
[Annotator "Bartel,M"]
[PlyCount "68"]
[EventDate "2011.02.12"]
[EventType "swiss"]
[EventRounds "9"]
[EventCountry "POL"]
[SourceTitle "CBM 140 Extra"]
[Source "ChessBase"]
[SourceDate "2011.03.01"]
[SourceVersion "1"]
[SourceVersionDate "2011.03.01"]
[SourceQuality "1"]

{This game was played in the 2nd round. My opponent, a very dangerous player,
won his 1st encounter versus 5-times Polish champion, Tomasz Markowski, in
convincing, attacking style (that game was also awarded the tournament beauty
prize at the closing ceremony). That fact made me a bit unsure before the game.
} 1. e4 {In several previous games Krzysztof tried 1.d4.} e6 2. d4 d5 3. Nc3
Bb4 {I used to play the Winawer a lot when I was a teenager. Later I tried
also the classical 3...Nf6.} 4. e5 c5 5. a3 Bxc3+ 6. bxc3 Ne7 7. Nf3 ({It's
not a big secret that} 7. Qg4 {is the crucial continuation.}) 7... Nbc6 8. Rb1
{An interesting move, which my opponent had employed in the past. White is
attacking the b7-pawn and Black must play Qc7 to allow the bishop to develop.
Of course, c7 is not a bad place for the queen at all, but Black usually likes
to put the lady on a5, to confuse the white pieces and attack the pawn
weaknesess.} Qc7 9. h4 Bd7 10. h5 h6 11. Be2 {This is the correct move. The
more natural looking Bd3 is a waste of time - Black will wait for short
castling and then will play ...c5-c4 and the bishop will be back on e2, but
Black will already have c4 on the board.} O-O-O 12. O-O f6 13. Bf4 ({The real
alternative was} 13. exf6 gxf6 14. dxc5 e5 {with a very complex position.
White with the pair of bishops and an extra pawn would try to show that those
factors are more important than strong central pawns and some attacking
chances on the g-file.}) 13... c4 $146 {Sooner or later Black must play this
move. Now it's a good moment - White wanted to play Bg3 or Bh2 and there would
be no time to close the position. Why is this so important? White with his
strong bishops will be visibly better when the central pawns disapear.} ({RR} 
13... f5 14. dxc5 g5 15. hxg6 Nxg6 16. Bh2 Qa5 17. Nd4 Qxc5 18. Nb5 Ngxe5 19.
Re1 a6 20. Nd4 Nf7 21. Qd3 Qa7 22. Qg3 e5 23. Qg6 Rhf8 24. Nxc6 Bxc6 25. Qe6+
Rd7 26. Bh5 Ng5 27. Qxe5 Ne4 28. Rxe4 {Bologan,V (2585)-Nadera,B (2390)/Manila
1992/TD/1-0 (38)}) ({RR} 13... g5 14. exf6 Qxf4 15. fxe7 Rde8 16. Bb5 Rxe7 17.
Bxc6 Bxc6 18. Ne5 Be8 19. Nd3 Qd6 20. Nxc5 b6 21. Nd3 Qxa3 22. Rb3 Qd6 23. Qa1
Bxh5 24. Rfb1 Qc7 25. Ne5 Be8 26. c4 dxc4 27. Nxc4 Rhh7 28. Rc3 {Jakubowski,K 
(2507)-Bugalski,M (2244)/Polanica Zdroj 2006/CBM 113 ext/1-0 (34)}) 14. Qc1 $2
{I think this move is a serious mistake which allows Black not only to
equalise, but also to begin active operations on the kingside.} ({My opponent
rejected} 14. Bh2 {(or Bg3) because of} Qa5 {but after} 15. Qc1 $1 {the game
would remain very unclear. It was probably the best and the most natural
choice for White.}) 14... g5 $1 {Not a very typical move in such structures.
My opponent didn't seriously consider that option, which is not a big surprise
as it looks a bit dubious. However, it makes real sense.} 15. exf6 ({Vugar
Gashimov tried here} 15. hxg6 Nxg6 16. Bh2 fxe5 17. dxe5 Rdg8 {and Black got a
very promising position, but finally White managed to win.} 18. Kh1 Nge7 19.
Ng1 Be8 20. Nh3 h5 21. Nf4 Bf7 22. Re1 Qa5 23. Qb2 b6 24. a4 Ng6 25. Qa3 Nxf4
26. Bxf4 Qc5 27. Qxc5 bxc5 28. Rb5 Kc7 29. Bf3 a6 30. Rb2 Bg6 31. Bxd5 exd5 32.
e6+ Kd8 33. Rb6 Ne7 34. Rb8+ Nc8 35. e7+ Kd7 36. e8=Q+ Rxe8 37. Rb7+ Kd8 38.
Bc7+ Kd7 39. Be5+ Ke6 40. Bxh8+ Kd6 41. Rxe8 Bxe8 42. a5 Bd7 43. f4 Bf5 44.
Be5+ Kc6 45. Rf7 Bd7 46. Rf6+ Kb5 47. f5 Kxa5 48. Rf7 Ba4 49. Rc7 {1-0,
Gashimov Vugar (AZE) 2703 - Petrik Tomas (SVK) 2487, Dresden (Germany) 2008.11.
14}) 15... gxf4 16. fxe7 Rdg8 $1 {Of course, Black can't take the pawn on e7,
because the knight must control the e5-square. It is also useful to put both
rooks on the g-file as soon as possible. During the game I wasn't sure what's
the evalution of the position which has just arisen. At first sight it looks
that White should be better - no visible weaknesses, some presure on the
e-file and the e5-square - but there is a very important factor - the f4-pawn,
which makes the difference. Because of that originally placed pawn White can't
defend the king (or at least it's higly complicated) and also the white pieces
have less space for maneuvres. So, it seems that starting from now Black has
something of an edge.} 17. Re1 Rh7 18. Bf1 $2 {This innocent move is probably
losing!} ({Both players thought White is not bad at all yet, so nobody
considered the only move:} 18. Nh4 $1 {which allows White to put pieces in
defending positions.} Nxe7 19. Bf3 {and Black is better, but there is no clear
way to convert that advantage - the white king looks quite safe.}) 18... Rxe7
19. Ne5 Nxe5 20. Rxe5 Rf7 {A first sight at this position will provide us a
rather wrong evalution. White has a very active rook on e5, the other rook is
also active on the b-file, the king is more or less protected. However, every
second we spend over the board will help us to realise that White has
absolutetely no plan while Black is already on his way to mating the white
monarch!} 21. Qb2 Kb8 $1 {There were probably also other paths leading to
victory, but this move I like most. Black is ready to attack, but it's much
better to put the king on b8 and the bishop on c8 first. This allows Black to
have an extremely safe king.} 22. a4 Bc8 23. Qa3 Qd8 $1 {It has been clear for
several moves that the black queen will transfer to h4.} 24. a5 (24. f3 {
was not better - it wouldn't stop attack, but it would only enclose the white
bishop! In such cases even all endings should be easily winning.}) 24... f3 $1
25. g3 Qh4 $1 {Finally the queen is on h4. The last 2 moves were so natural
that calculations were in fact senseless. However, at this moment I thought
that my position is completely winning and I lost my concentration...} 26. Qd6+
Ka8 27. Re3 (27. Rxe6 Bxe6 28. Qxe6 Rfg7 {is of course hopeless.}) 27... Rf5 $2
{A big mistake.} ({Some moves ago I planned to play here} 27... Rf4 $1 {
but when the position did arise at the board I decided there is no reason to
play so 'risky'. Of course, this move is completely safe and there are almost
no calculations requiered... The idea of Rf4 is simple - Qd6 is the last hope
for the g3-pawn. After} 28. Bg2 Rxg3 $1 29. fxg3 Qxg3 30. Rxf3 Rxf3 31. Qxg3
Rxg3 {the endgame is easily winning in many ways. I saw that position, but for
some reason I thought it might be not so easy....}) 28. Rxb7 $2 {When my
opponent played this move I was really scared. As I mentioned I thought I am
completely winning, lost my concentration and any complications came to me as
a shock. Luckily, the text move is a mistake.} ({I would have been in a
completely different mood I had seen my opponent playing} 28. Qc7 {. I was
extremely lucky that not only I but also my opponent had stopped calculating
at the same moment:} Rxh5 29. Qxc8+ Rxc8 30. gxh4 Rg8+ {and here we were sure
that game is over, however the simple} 31. Bg2 $1 (31. Kh2 $4 Rxh4+ 32. Bh3
Rg2+ 33. Kh1 Rxh3#) 31... Rxg2+ 32. Kf1 {leads to a complex endgame in which
all results are possible!}) 28... Bxb7 29. a6 Bxa6 30. Rxe6 Bb5 $1 {I was
happy when I found that move (which was missed by Krzysztof when he sacrified
the rook). Now Black is well protected and White even can't check! So, the
game is over.} 31. Rg6 Qd8 32. Rxg8 Qxg8 33. Bh3 Qf8 34. Qe6 Rg5 0-1

[Event "YUG-chT"]
[Site "Cetinje"]
[Date "1993.??.??"]
[Round "6"]
[White "Tseshkovsky, Vitaly"]
[Black "Vasiljevic, Dragan"]
[Result "1-0"]
[WhiteElo "2540"]
[BlackElo "2415"]
[Annotator "Belov,I"]
[PlyCount "99"]
[EventDate "1993.??.??"]
[EventType "team"]
[EventRounds "11"]
[EventCountry "YUG"]
[SourceTitle "CBM 038"]
[Source "ChessBase"]
[SourceDate "1994.02.01"]
[SourceVersion "1"]
[SourceVersionDate "1994.02.01"]
[SourceQuality "1"]

1. e4 e6 2. d4 d5 3. Nc3 Bb4 4. e5 c5 5. a3 Bxc3+ 6. bxc3 Ne7 7. Qg4 cxd4 8.
Qxg7 Rg8 9. Qxh7 Qc7 10. Ne2 Nbc6 11. f4 dxc3 (11... Bd7) 12. Qd3 Nf5 $5 (12...
b6 13. Nxc3 Nf5 14. Bb2 Qe7 15. O-O-O Bd7 16. Nb5 O-O-O 17. g4 $1 Rxg4 18. Bh3
Rxf4 19. Bxf5 exf5 20. Qxd5 $16 {Van der Wiel,J-Hertneck,G Groningen 1987 Inf
45/338/}) (12... d4 13. Nxd4 (13. Ng3 $6 Bd7 14. Be2 Nf5 15. Ne4 Rxg2 16. Bf3
Rg6 17. Rb1 Nxe5 18. fxe5 Qxe5 $44 {Vekler,P-Eingorn,V Cuxhoven 1993 Inf 57/
298/}) 13... Nxd4 14. Qxd4 Bd7 15. Rg1 Rh8 16. h3 Nf5 17. Qf2 Qc6 18. Bd3 Qd5
19. Rb1 Bc6 20. Rb4 Qa2 21. Qc5 $16 {Wang,Z-Kuijf,M Luzern 1989 Inf 48/408/})
13. Ng3 $146 (13. Qxc3 Bd7 14. Rb1 O-O-O $13) (13. Nxc3 a6 $13) (13. Rg1 Qe7
14. h3 (14. g3 $5) 14... Bd7 15. Rb1 b6 16. g4 Qh4+ 17. Ng3 (17. Kd1 Qf2 18.
gxf5 Rxg1 19. Nxg1 Qxg1 20. Be3 Qg3 $13 {Psakhis/}) 17... Nfe7 18. Qxc3 Rc8 $13
{Psakhis,L-Hertneck,G West Berlin 1989/}) 13... Bd7 (13... d4 $6 14. Ne4 Nxe5
15. fxe5 Qxe5 16. Qb5+ $16) 14. Nxf5 (14. Be2 O-O-O 15. Nxf5 exf5 16. O-O d4
17. Bf3 Be6 $10 {Sveshnikov,E-Webb,L Hastings 1977 Inf 25/268/}) 14... exf5 15.
Qxc3 (15. Qxd5 $6 O-O-O 16. Qd3 (16. Qxf7 $2 Nxe5 $1 $17) 16... Qa5 17. Rb1 Be6
18. Qb5 Qc7 $44) 15... O-O-O 16. Bb2 d4 17. Qd2 f6 (17... Rge8 18. Be2 f6 19.
exf6 $14) (17... Rde8 18. O-O-O $5 $16) (17... Be6 $5 18. Bd3 Qb6 19. O-O-O Qc5
$44) 18. exf6 Rde8+ $6 (18... Qd6 $5 19. f7 (19. Bd3 Rde8+ 20. Kf1 Qxf6) 19...
Qe7+ 20. Be2 Qxf7 21. O-O Qf6 $13) 19. Kf2 Re4 (19... Qb6 $6 20. Bd3 Qxb2 $6
21. f7 $18) (19... d3 20. cxd3 $1 Qb6+ 21. d4 Be6 22. Re1 $16) 20. g3 Qb6 21.
Bd3 $1 (21. Rb1 $2 d3+ 22. Kg2 Nd8 23. cxd3 Bc6 $19) 21... Qxb2 22. Rhb1 Qc3
23. Qxc3 dxc3 24. Bxe4 fxe4 $16 25. Re1 Bf5 26. Re3 Rf8 27. Rb1 Rxf6 28. h3 $6
(28. Rb5 $5 b6 29. Rxc3 $16) 28... Bh7 $2 (28... Bxh3 $5 29. Rxe4 Bf5 30. Re8+
Kc7 31. Rb3 $14) 29. Rd1 Kc7 30. Rxc3 $18 Rf5 31. Ke3 Rh5 32. h4 Bf5 (32... Rh6
33. Rd5) 33. Rd5 b6 34. Rc4 Kb7 35. c3 (35. Rxe4 Bxe4 36. Rxh5 Bxc2 37. Rh8 $18
) 35... Ne7 36. Re5 Nc6 37. Rb5 (37. Re8 $16) 37... a6 38. Rd5 Ne7 39. Rd6 Bc8
40. Rd8 Bf5 41. Rd6 Bh3 42. Kf2 e3+ 43. Ke1 b5 44. Re4 Nf5 45. Rg6 Bg2 46. Re5
Bf3 47. Rg5 Rxg5 48. fxg5 Bg4 49. h5 Kc6 50. h6 1-0